Random AP Calculus BC by Picture - Statistics

General Stats
  • This quiz has been taken 265 times
    258 since last reset
  • The average score is 8 of 20
Answer Stats
Picture Answer % Correct
Integral
85%
Isaac Newton
81%
Limit
78%
Derivative
71%
Quotient Rule
71%
Integration by Parts
66%
Power Rule
63%
Second Derivative
60%
College Board
58%
Fundamental Theorem of Calculus
50%
Riemann Sum
49%
Chain Rule
48%
Taylor Series
48%
P-series
47%
Substitution
44%
L'Hopital's Rule
42%
Slope Field
42%
Geometric Series
39%
Alternating Series
35%
Arc Length
33%
Gottfried Wilhelm Leibniz
33%
Squeeze Theorem
32%
Infinite Series
29%
Polar Coordinates
28%
Continuity
26%
Partial Fraction Decomposition
24%
Power Series
24%
Euler's Method
22%
Definite Integral
16%
Differential Equation
14%
Solid of Revolution
14%
Improper Integrals
11%
Trapezoidal Rule
11%
Volume by Cross Sections
8%
Parametric Equation
7%
Midpoint Rule
5%
No matching quizzes found
Score Distribution
Percent of People with Each Score
Percentile by Number Answered
Your Score History
You have not taken this quiz since the last reset